000 00281nam a2200109Ia 4500
008 220120s9999||||xx |||||||||||||| ||und||
100 _aGodse, A.P
_91195
245 0 _aAnalog Electronic Circuits
260 _aTechnical publications
300 _b0
650 _aMICROWAVE ENGINEERING
999 _c137269
_d137269